Communication in interviews / (Record no. 188530)
[ view plain ]
| 000 -LEADER | |
|---|---|
| fixed length control field | 01049 a2200217 4500 |
| 003 - CONTROL NUMBER IDENTIFIER | |
| control field | Nust |
| 005 - DATE AND TIME OF LATEST TRANSACTION | |
| control field | 20221219125739.0 |
| 010 ## - LIBRARY OF CONGRESS CONTROL NUMBER | |
| LC control number | 81015871 |
| 020 ## - INTERNATIONAL STANDARD BOOK NUMBER | |
| International Standard Book Number | 0131535021 (pbk.) : |
| 040 ## - CATALOGING SOURCE | |
| Transcribing agency | Nust |
| 082 00 - DEWEY DECIMAL CLASSIFICATION NUMBER | |
| Classification number | 080, STA |
| 100 1# - MAIN ENTRY--PERSONAL NAME | |
| Personal name | Stano, Michael E. |
| 9 (RLIN) | 105205 |
| 245 10 - TITLE STATEMENT | |
| Title | Communication in interviews / |
| Statement of responsibility, etc. | Michael E. Stano, N.L. Reinsch, Jr. |
| 260 ## - PUBLICATION, DISTRIBUTION, ETC. | |
| Place of publication, distribution, etc. | Englewood Cliffs, N.J. : |
| Name of publisher, distributor, etc. | Prentice-Hall, |
| Date of publication, distribution, etc. | c1982. |
| 300 ## - PHYSICAL DESCRIPTION | |
| Extent | vi, 233 p. : |
| Other physical details | ill. ; |
| Dimensions | 23 cm. |
| 505 ## - FORMATTED CONTENTS NOTE | |
| Formatted contents note | An Introduction To Interview (Page-1), Common Characteristics Of Interviews (Page-26), The Survey Interview (Page-51),The Journalistic Interview (Page-78), The Appraisal Interview (Page-99), The Selection Interview For The Interviewer (Page-120), The Selection Interview For The Interviewee(Page-139), The Non Professional Counseling Interview (Page-152), The Medical Interview (Page-179), The Legal Interview (Page-197), The Sales Interview (Page-212). |
| 650 #0 - SUBJECT ADDED ENTRY--TOPICAL TERM | |
| Topical term or geographic name entry element | Communication. |
| 650 #0 - SUBJECT ADDED ENTRY--TOPICAL TERM | |
| Topical term or geographic name entry element | Interviewing. |
| 9 (RLIN) | 30633 |
| 700 1# - ADDED ENTRY--PERSONAL NAME | |
| Personal name | Reinsch, N. L. |
| 9 (RLIN) | 105206 |
| 942 ## - ADDED ENTRY ELEMENTS (KOHA) | |
| Source of classification or shelving scheme | |
| Koha item type | Book |
| Withdrawn status | Lost status | Source of classification or shelving scheme | Damaged status | Not for loan | Permanent Location | Current Location | Shelving location | Date acquired | Full call number | Barcode | Date last seen | Price effective from | Koha item type | Public note |
|---|---|---|---|---|---|---|---|---|---|---|---|---|---|---|
| Military College of Signals (MCS) | Military College of Signals (MCS) | General Stacks | 12/12/2016 | 080,STA | MCS5165 | 12/08/2016 | 12/12/2016 | Book | Almirah No.46, Shelf No.2 |
